THE LORD OF THE RINGS (Record no. 20451)

MARC details
000 -LEADER
fixed length control field 00352nam a2200145Ia 4500
005 - DATE AND TIME OF LATEST TRANSACTION
control field 20250409181437.0
008 - FIXED-LENGTH DATA ELEMENTS--GENERAL INFORMATION
fixed length control field 250409s9999||||xx |||||||||||||| ||und||
020 ## - INTERNATIONAL STANDARD BOOK NUMBER
International Standard Book Number 978-0-00-727350-8
100 ## - MAIN ENTRY--PERSONAL NAME
Personal name J R R TOLKIEN
245 #4 - TITLE STATEMENT
Title THE LORD OF THE RINGS
260 ## - PUBLICATION, DISTRIBUTION, ETC.
Name of publisher, distributor, etc. HARPER COLLINS
Place of publication, distribution, etc. LONDON
300 ## - PHYSICAL DESCRIPTION
Extent 1178
650 ## - SUBJECT ADDED ENTRY--TOPICAL TERM
Form subdivision English Fiction
942 ## - ADDED ENTRY ELEMENTS (KOHA)
Koha item type BOOK
Holdings
Withdrawn status Lost status Damaged status Not for loan Collection Home library Current library Shelving location Date acquired Total checkouts Full call number Barcode Date last seen Price effective from Koha item type
        English Fiction St.Dominics College Library St.Dominics College Library English Literature 04/09/2025   823 TOL 29526 04/09/2025 04/09/2025 BOOK